[Event "Altenkirchen Seniors op 19th"]
[Site "Altenkirchen"]
[Date "2022.07.19"]
[Round "1"]
[White "Klundt, Klaus"]
[Black "Tuertmann, Dieter"]
[Result "1-0"]
[WhiteElo "2288"]
[BlackElo "1870"]
[PlyCount "123"]
[EventDate "2022.07.19"]
[EventType "swiss"]
[EventRounds "9"]
[EventCountry "GER"]
[SourceTitle "CBM 209 Extra"]
[Source "ChessBase"]
[SourceDate "2022.09.30"]
[SourceVersion "1"]
[SourceVersionDate "2022.09.30"]
[SourceQuality "1"]

1. e4 e6 2. d4 b6 3. Nf3 a6 4. Bd3 c5 5. 0-0 Be7 6. Re1 d6 7. Nc3 Nd7 8. a4 Bb7 9. Qe2 h6 10. Be3 Qc7 11. Rad1 Ngf6 12. Nd2 0-0 13. f4 cxd4 14. Bxd4 e5 15. Be3 exf4 16. Bxf4 Ne5 17. Nf3 Rfe8 18. Kh1 Bf8 19. Nd4 g6 20. Qd2 Kh7 21. Rf1 Nfg4 22. h3 Nxd3 23. cxd3 Ne5 24. Qf2 Re7 25. Nc2 Bg7 26. Ne3 Qd8 27. Ned5 Bxd5 28. Nxd5 Rb7 29. Be3 Rab8 30. d4 Nc4 31. Bc1 b5 32. axb5 axb5 33. Rd3 Nb6 34. Nc3 b4 35. Ne2 Qe7 36. Ng3 Re8 37. Rf3 Rf8 38. b3 h5 39. Bf4 Nc8 40. Qd2 Qe6 41. Bg5 f6 42. d5 Qe7 43. Be3 h4 44. Ne2 Qxe4 45. Nf4 Re8 46. Ne6 Rxe6 47. dxe6 Qxe6 48. Rf4 Ne7 49. Rxh4+ Kg8 50. Qd3 Nf5 51. Rg4 Qxe3 52. Qc4+ Rf7 53. Ra1 g5 54. Qc8+ Rf8 55. Qxf5 Qxb3 56. Rb1 Qa2 57. Rgxb4 Qf7 58. Rb7 Qh5 59. Rc7 Kh8 60. Rbb7 Rg8 61. Rxg7 Rxg7 62. Rb8+ 1-0

[Event "Heusenstamm Sparkassen op-A 7th"]
[Site "Heusenstamm"]
[Date "2021.11.20"]
[Round "4.14"]
[White "Klundt, Klaus"]
[Black "Schupp, Tobias"]
[Result "1/2-1/2"]
[WhiteElo "2307"]
[BlackElo "2121"]
[PlyCount "75"]
[EventDate "2021.11.18"]
[EventType "swiss"]
[EventRounds "7"]
[EventCountry "GER"]
[SourceTitle "EXT 2023"]
[Source "ChessBase"]
[SourceDate "2022.10.05"]
[SourceVersion "1"]
[SourceVersionDate "2022.10.05"]
[SourceQuality "1"]

1. e4 c5 2. Nf3 e6 3. d4 cxd4 4. Nxd4 a6 5. Bd3 Nc6 6. Nxc6 dxc6 7. Nd2 e5 8. 0-0 Bc5 9. Nc4 Qc7 10. Qh5 Bd6 11. f4 Nf6 12. Nxd6+ Qxd6 13. Qxe5+ Qxe5 14. fxe5 Nd7 15. Bf4 Nc5 16. Be3 Nd7 17. Bd4 c5 18. Bc3 b5 19. e6 fxe6 20. Bxg7 Rg8 21. Bh6 Bb7 22. Rae1 0-0-0 23. Rf4 Rg6 24. Rh4 Ne5 25. Be2 Rd4 26. Be3 Rxe4 27. Rxe4 Bxe4 28. g3 c4 29. Bf4 Nf3+ 30. Bxf3 Bxf3 31. Re5 Bd5 32. Kf2 Kd7 33. Ke3 Kc6 34. Rh5 Rg7 35. Kd4 Bf3 36. Rh6 Bg4 37. b3 cxb3 38. cxb3 1/2-1/2

[Event "Bamberg op-A 3rd"]
[Site "Bamberg"]
[Date "2021.07.28"]
[Round "1"]
[White "Klundt, Klaus"]
[Black "Schmid, Dominik"]
[Result "1-0"]
[WhiteElo "2308"]
[BlackElo "2013"]
[PlyCount "127"]
[EventDate "2021.07.28"]
[EventType "swiss"]
[EventRounds "7"]
[EventCountry "GER"]
[SourceTitle "EXT 2022"]
[Source "ChessBase"]
[SourceDate "2021.10.06"]
[SourceVersion "1"]
[SourceVersionDate "2021.10.06"]
[SourceQuality "1"]

1. e4 c6 2. d4 d5 3. exd5 cxd5 4. c4 Nf6 5. Nc3 Nc6 6. Bg5 Be6 7. a3 g6 8. Bxf6 exf6 9. Be2 Bg7 10. Bf3 Ne7 11. cxd5 Nxd5 12. Nxd5 Bxd5 13. Qa4+ Kf8 14. Bxd5 Qxd5 15. Nf3 Re8+ 16. Kf1 a6 17. h4 h5 18. Rc1 Bh6 19. Rc7 Qe4 20. Qc2 Qxc2 21. Rxc2 Kg7 22. Rh3 Rc8 23. Ne1 Rxc2 24. Nxc2 Rc8 25. Rc3 Rxc3 26. bxc3 f5 27. Ke2 Kf6 28. Kd3 Ke6 29. c4 Bf8 30. f4 Be7 31. g3 f6 32. c5 Bd8 33. Kc4 b5+ 34. cxb6 Bxb6 35. Nb4 a5 36. Nd5 Ba7 37. a4 Bb8 38. Kc5 g5 39. Kc6 Bd6 40. Nc7+ Ke7 41. Nd5+ Ke6 42. Nxf6 gxf4 43. gxf4 Bxf4 44. Nxh5 Bb8 45. d5+ Ke5 46. Ng3 f4 47. Nf1 Bd6 48. h5 Bf8 49. Nd2 Bh6 50. Nf3+ Ke4 51. d6 Kxf3 52. d7 Bg5 53. h6 Kg2 54. h7 Bf6 55. h8Q Bxh8 56. d8Q f3 57. Qxh8 f2 58. Qg7+ Kh1 59. Qh6+ Kg1 60. Qg5+ Kh1 61. Qh4+ Kg1 62. Qg3+ Kh1 63. Qf3+ Kg1 64. Kb5 1-0

[Event "GER-ch Net blitz sf"]
[Site "Playchess.com INT"]
[Date "2021.06.05"]
[Round "6"]
[White "Klundt, Klaus"]
[Black "Heinig, Wolfram"]
[Result "0-1"]
[WhiteElo "2006"]
[BlackElo "2105"]
[PlyCount "58"]
[EventDate "2021.06.05"]
[EventType "swiss (blitz)"]
[EventRounds "13"]
[EventCountry "GER"]
[SourceTitle "EXT 2023"]
[Source "ChessBase"]
[SourceDate "2022.10.05"]
[SourceVersion "1"]
[SourceVersionDate "2022.10.05"]
[SourceQuality "1"]

1. e4 c6 2. d4 d5 3. exd5 cxd5 4. c4 Nf6 5. Nc3 Nc6 6. Bg5 e6 7. Nf3 Be7 8. c5 0-0 9. Bb5 Bd7 10. 0-0 b6 11. Bxc6 Bxc6 12. b4 bxc5 13. dxc5 h6 14. Bf4 Ne4 15. Qc2 Bf6 16. Be5 a5 17. a3 Nxc3 18. Qxc3 axb4 19. axb4 Bxe5 20. Nxe5 Bb5 21. Rxa8 Qxa8 22. Ra1 Qd8 23. Ra5 Qb8 24. f4 f6 25. Ng6 Re8 26. c6 Qb6+ 27. Qc5 Qxc5+ 28. bxc5 Bd3 29. Nh4 Rc8 0-1

[Event "GER-ch Net blitz sf"]
[Site "Playchess.com INT"]
[Date "2021.06.05"]
[Round "12"]
[White "Wend, Uwe"]
[Black "Klundt, Klaus"]
[Result "0-1"]
[WhiteElo "2058"]
[BlackElo "2006"]
[PlyCount "84"]
[EventDate "2021.06.05"]
[EventType "swiss (blitz)"]
[EventRounds "13"]
[EventCountry "GER"]
[SourceTitle "EXT 2023"]
[Source "ChessBase"]
[SourceDate "2022.10.05"]
[SourceVersion "1"]
[SourceVersionDate "2022.10.05"]
[SourceQuality "1"]

1. e4 c5 2. Nf3 e6 3. Nc3 Nc6 4. Bc4 Nf6 5. d4 cxd4 6. Nxd4 Bb4 7. Nxc6 bxc6 8. 0-0 0-0 9. Bg5 h6 10. Bh4 e5 11. Qf3 Be7 12. Rad1 d6 13. Rd2 g5 14. Bg3 Bg4 15. Qd3 Qb6 16. Na4 Qc7 17. f3 Be6 18. Bf2 Rab8 19. Bb3 Rfd8 20. Qa6 Rb7 21. Rfd1 Rdb8 22. Qe2 Rb4 23. Nc3 a5 24. Na4 d5 25. exd5 cxd5 26. Qa6 Kg7 27. a3 R4b5 28. Nc3 R5b7 29. Nxd5 Nxd5 30. Bxd5 Bxd5 31. Rxd5 Rxb2 32. Qxa5 Qxa5 33. Rxa5 Rxc2 34. Ra7 Rbb2 35. Rf1 Rxf2 36. Rxf2 Bc5 37. Ra5 Bxf2+ 38. Kf1 Bd4 39. a4 Rf2+ 40. Ke1 Rxg2 41. Rd5 Rxh2 42. a5 Ra2 0-1

[Event "WchT Seniors 65"]
[Site "Prague"]
[Date "2020.03.12"]
[Round "7.1"]
[White "Klundt, Klaus"]
[Black "Balashov, Yuri S"]
[Result "0-1"]
[WhiteElo "2299"]
[BlackElo "2465"]
[PlyCount "78"]
[EventDate "2020.03.06"]
[EventType "team-swiss"]
[EventRounds "7"]
[EventCountry "CZE"]
[SourceTitle "CBM 195 Extra"]
[Source "ChessBase"]
[SourceDate "2020.05.31"]
[SourceVersion "1"]
[SourceVersionDate "2020.05.31"]
[SourceQuality "1"]
[WhiteTeam "Germany 65 V"]
[BlackTeam "Russia 65"]
[WhiteTeamCountry "GER"]
[BlackTeamCountry "RUS"]

1. e4 c5 2. Nf3 d6 3. d4 Nf6 4. Nc3 cxd4 5. Nxd4 a6 6. Be3 e5 7. Nb3 Be7 8. Qd2 0-0 9. Be2 a5 10. Rd1 a4 11. Nc1 Nc6 12. 0-0 a3 13. b3 Be6 14. Bf3 Qa5 15. Nd5 Bxd5 16. exd5 Qxd2 17. Rxd2 Nb4 18. c3 Na6 19. Be2 Rfc8 20. Bxa6 Rxa6 21. c4 b5 22. cxb5 Ra5 23. f3 Rxb5 24. Rfd1 Bd8 25. Ne2 Ba5 26. Rd3 h5 27. Rc1 Rxc1+ 28. Bxc1 Bb4 29. Nc3 Rc5 30. Bd2 Bxc3 31. Bxc3 e4 32. fxe4 Nxe4 33. Be1 Rc2 34. Rd4 f5 35. Kf1 Rxa2 36. Ra4 Nf6 37. Bb4 Nxd5 38. Bxd6 Ne3+ 39. Ke1 f4 0-1